000 01022nam a22003257a 4500
003 CHAP
005 20220329133310.0
008 971013s1991 r 00010 d
010 _a4544
011 _a5516
035 _a4730
040 _cCHAP
090 _aFolleto 13327
100 0 0 _aAmand, Paul C. St.
_95092
245 _aUser's guide to Louisiana State University sweetpotato breeding database
260 _aBaton Rouge. L.A. :
_bLousiana Agricultural Experiment Station,
_c1991
300 _a34 p.
490 _aComputer applications series
_v; 100
500 _a53-394
590 _aBATCH-UPD
_b10
_c20130110
_lUCH01
_h0131
590 _aBATCH-UPD
_b10
_c20130110
_lUCH01
_h1921
590 _aCONVERSION
_b10
_c20130109
_lUCH01
_h1304
650 1 4 _aBases de datos.
_910684
650 1 4 _aCamote
_xMejoramiento.
_917896
700 0 _aLaBonte, Don R.
_964280
830 0 _aComputer applications series
_v; 100
_926134
901 _aBK
942 _cFOLL
949 _aFolleto 13327
_bBC
_cFOLL
_d-14277
_eTS1
_i4730
_si
999 _c4544
_d4544